Представление документа в формате MARC21

Поле Инд. ПП Название Значение
Тип записи a
Библиографический уровень b
001 Контрольный номер UNIDUBNAf300064157f84bddbf01db492c7e1eb4
005 Дата корректировки 20250225121540.4
008 Кодируемые данные 20170331
040 b Код языка каталог. rus
e Правила каталог. PSBO
041 0_ a Код языка текста rus
084 a Индекс другой классификации/Индекс ББК 74.56; 88.727
100 1_ a Автор Лещенко М. В.
245 10 a Заглавие Использование элементов орф-педагогики в речевом развитии детей на занятиях по логоритмике
504 a Библиография Лит. в конце статьи.
520 0_ a Аннотация О недоразвитии речи у детей с умственной отсталостью и поиске новых, более эффективных и интересных детям форм коррекции речи. Рассматривается обучение и воспитание через искусство и творчество, основанные на единстве и взаимосвязи музыки, движения и речи.
650 14 a Основная рубрика клиническая психология (медицинская психология)
a Основная рубрика коррекционная педагогика (специальная педагогика)
a Основная рубрика образование
a Основная рубрика психология
a Основная рубрика специальная психология
653 0_ a Ключевые слова движение
a Ключевые слова дети-инвалиды
a Ключевые слова дефектология
a Ключевые слова зрительное восприятие
a Ключевые слова игровое обучение
a Ключевые слова коллективное музицирование
a Ключевые слова логопедическая коррекция
a Ключевые слова логопедическая ритмика
a Ключевые слова логопедия
a Ключевые слова методика Карла Орфа
a Ключевые слова музыка
a Ключевые слова музыкально-двигательное восприятие
a Ключевые слова музыкальное воспитание
a Ключевые слова нарушения речи
a Ключевые слова недоразвитие речи
a Ключевые слова орф-педагогика
a Ключевые слова развитие речи
a Ключевые слова речь
a Ключевые слова тактильное восприятие
a Ключевые слова творческая деятельность
a Ключевые слова умственная отсталость
a Ключевые слова центры психосоциальной поддержки
773 08 t Заглавие источника Работник социальной службы
d Дата издания источника 2023
g Прочая информация № 4. - С. 85 - 93
w Контрольный № источника UNIDUBNA97db66158d7d4914aca14733b32c8583
901 t Тип документа b